<?xml version="1.0" encoding="UTF-8"?>
<record
    xmlns:xsi="http://www.w3.org/2001/XMLSchema-instance"
    xsi:schemaLocation="http://www.loc.gov/MARC21/slim http://www.loc.gov/standards/marcxml/schema/MARC21slim.xsd"
    xmlns="http://www.loc.gov/MARC21/slim">

  <leader>00916nam a2200217 a 4500</leader>
  <controlfield tag="001">BRCA_825</controlfield>
  <controlfield tag="005">20190320203151.0</controlfield>
  <controlfield tag="008">941220s1994    mx-a---##b---s000-0#spa-#</controlfield>
  <datafield tag="040" ind1=" " ind2=" ">
    <subfield code="a">DLC</subfield>
    <subfield code="c">DLC</subfield>
  </datafield>
  <datafield tag="050" ind1=" " ind2="4">
    <subfield code="a">NK7114</subfield>
    <subfield code="b">.T47 1994</subfield>
  </datafield>
  <datafield tag="100" ind1="1" ind2=" ">
    <subfield code="a">Ter&#xE1;n, Silvia</subfield>
    <subfield code="9">2746</subfield>
  </datafield>
  <datafield tag="245" ind1="1" ind2="0">
    <subfield code="a">La plater&#xED;a en Yucat&#xE1;n</subfield>
    <subfield code="c">Silvia Ter&#xE1;n ; coordinaci&#xF3;n Luz Elena Arroyo ; dise&#xF1;o e ilustraciones Patricia Etcharren ; fotos Javier Amezquita ... [et al.] ; curador Donald Rohan.</subfield>
  </datafield>
  <datafield tag="250" ind1=" " ind2=" ">
    <subfield code="a">2</subfield>
  </datafield>
  <datafield tag="260" ind1=" " ind2=" ">
    <subfield code="a">[M&#xE9;rida, Yucat&#xE1;n, M&#xE9;xico]</subfield>
    <subfield code="b">Direcci&#xF3;n General de Culturas Populares</subfield>
    <subfield code="c">1994</subfield>
  </datafield>
  <datafield tag="300" ind1=" " ind2=" ">
    <subfield code="a">110 p.</subfield>
    <subfield code="b">il. (algunas a color)</subfield>
    <subfield code="c">28 cm.</subfield>
  </datafield>
  <datafield tag="500" ind1=" " ind2=" ">
    <subfield code="a">Cat&#xE1;logo de la exposici&#xF3;n realizada en la Casa de las Artesan&#xED;as del Gobierno del Estado de Yucat&#xE1;n, julio, 1993</subfield>
  </datafield>
  <datafield tag="504" ind1=" " ind2=" ">
    <subfield code="a">Bibliograf&#xED;a: p. 110</subfield>
  </datafield>
  <datafield tag="650" ind1="1" ind2="4">
    <subfield code="a">Joyer&#xED;a &#xE9;tnica</subfield>
    <subfield code="v">Exposiciones</subfield>
    <subfield code="z">M&#xE9;xico</subfield>
    <subfield code="9">2747</subfield>
  </datafield>
  <datafield tag="650" ind1="1" ind2="4">
    <subfield code="a">Joyer&#xED;a &#xE9;tnica</subfield>
    <subfield code="x">T&#xE9;cnica</subfield>
    <subfield code="9">2748</subfield>
  </datafield>
  <datafield tag="942" ind1=" " ind2=" ">
    <subfield code="2">lcc</subfield>
    <subfield code="c">B</subfield>
  </datafield>
  <datafield tag="999" ind1=" " ind2=" ">
    <subfield code="c">720</subfield>
    <subfield code="d">720</subfield>
  </datafield>
  <datafield tag="952" ind1=" " ind2=" ">
    <subfield code="0">0</subfield>
    <subfield code="1">0</subfield>
    <subfield code="4">0</subfield>
    <subfield code="7">0</subfield>
    <subfield code="a">BRCA</subfield>
    <subfield code="b">BRCA</subfield>
    <subfield code="d">2008-06-26</subfield>
    <subfield code="l">0</subfield>
    <subfield code="o">NK7114 .T47 1994</subfield>
    <subfield code="p">01296</subfield>
    <subfield code="r">2019-03-22 00:00:00</subfield>
    <subfield code="w">2019-03-22</subfield>
    <subfield code="y">B</subfield>
  </datafield>
</record>
